000
00263nam a2200109Ia 4500
008
220204s9999 xx 000 0 und d
082
_a
82-3
_b
LUD
100
_a
Ludlum, Robert
245
4
_a
The Scarlatti inheritance
260
_a
Herts
_b
Panther
_c
1976
942
_c
BK
999
_c
28799
_d
28799